000 00749nam a2200253Ia 4500
003 OSt
005 20220925205014.0
006 a|||||r|||| 00| 0
007 ta
008 220923b |||||||| |||| 00| 0 eng d
020 _a0312232594
_c1595.00
037 _b44874, 20/10/2000, SSS
_cGeneral Book
040 _aRTL
_cRTL
_beng
041 _2eng
_aeng
082 _aX95, P0
100 _aGupta Asha
_916133
245 0 _aBeyond privatization
260 _aHampshire
_bMacmillan
_c2000
300 _axix, 252p. Bibliography p.215-39
_ccm.
490 _aAdvances in Political Science
650 _aPrivate Sector Economics
942 _hX95, P0
_cGB
_2CC
999 _c550976
_d550976